000 00376cam a2200157ua 4500
041 _aeng
_h
082 _a823.308
_bBAL/DO
100 _aBallantyne, R M .
245 _aDog crusoe /
_cR M Ballantyne.
_hTextual Documents
250 _a1 /
_b.
260 _aLondon :
_bE J Arnold & Son Ltd ,
_c1984.
300 _a96 ; .
504 _a
942 _cBK
999 _c6881
_d6881